| 000 | 00864nam a22003250a 4500 | ||
|---|---|---|---|
| 001 | PT54084 | ||
| 003 | AR-LpoUNG | ||
| 005 | 20210131231619.0 | ||
| 008 | 191001s2012||||uy |||||||||||||||||spa d | ||
| 020 |
_a9789974702073 _c$5.30 |
||
| 040 |
_aAR-LpoUNG _bspa _cAR-LpoUNG _eaacr |
||
| 041 | _aspa | ||
| 044 | _auy | ||
| 082 | 0 | _a808.068 3 527rom | |
| 100 | 1 | _aShakespeare, William | |
| 245 | 1 | 0 | _aRomeo y Julieta |
| 250 | _a1ra. ed. | ||
| 260 |
_aMontevideo : _bLatinbooks, _c2012. |
||
| 300 |
_a78 p. : _bil. |
||
| 505 | 0 | _aSugerido a partir de 14 años (etiqueta VERDE) | |
| 650 | 4 | _aLITERATURA | |
| 650 | 4 | _aNOVELAS | |
| 651 | 4 | _aDOCUMENTOS TEORICOS O METODOLOGICOS | |
| 653 | _aHISTORIETAS | ||
| 653 | _aLITERATURA INFANTOJUVENIL | ||
| 700 | 1 |
_aCarreras, Hernán _eadap. |
|
| 700 | 1 |
_aVidal, Aleta _eil. |
|
| 905 | _a54084 | ||
| 942 | _cLIB | ||
| 999 |
_c10989 _d10989 |
||